| 000 | 00953nam a22002297a 4500 | ||
|---|---|---|---|
| 999 |
_c4933 _d4933 |
||
| 003 | AR-CdUCM | ||
| 008 | 190311b ||||| |||| 00| 0 spa d | ||
| 040 |
_aMUNICIPALIDAD PROVINCIAL DEL CUSCO _cBIBLIOTECA MUNICIPAL DEL CUSCO |
||
| 082 |
_a398.8501 / _bH37 |
||
| 100 |
_aHelberg Chávez, Heinrich _915131 |
||
| 245 |
_aMbaisik en la penumbra del atardecer : _bliteratura oral del pueblo Harakmbut / |
||
| 260 |
_aLima : _bCentro Amazónico de Antropología y Aplicación Práctica, _c1996. |
||
| 300 |
_a223 páginas ; _c30 cm. _bfotografias, |
||
| 505 | _aCuatro mitos de la tribu amazónica Harakmbut, basado en testimonios de los propios indígenas. | ||
| 650 |
_aMitología harakmbut _915132 |
||
| 650 |
_aLiteratura peruana _9169 |
||
| 650 |
_aAmazonía _93433 |
||
| 700 |
_aNishiyama, Eulogio (Fotógrafo) _915133 |
||
| 710 |
_aCentro Amazónico de Antropología y Aplicación Práctica (Lima) _915134 |
||
| 942 |
_2ddc _cLIBROS |
||
| 945 | _araen | ||